[Event "DVM U20 2023"]
[Site "Magdeburg GER"]
[Date "2023.12.27"]
[Round "2"]
[White "Hommer, Jeremy"]
[Black "Kieselbach, Marvin"]
[Result "1-0"]
[Termination "normal"]
[Board "1.3"]
[WhiteTitle "FM"]
[WhiteElo "2305"]
[BlackElo "1970"]
[WhiteClock "00:22:06"]
[BlackClock "00:03:41"]
[WhiteTeam "Hamburger SK 1830"]
[BlackTeam "SK Lehrte 1919"]
[PlyCount "102"]
[WhiteFideId "12992577"]
[BlackFideId "16235770"]
[EventCountry "GER"]
[EventRounds "7"]
[EventType "team-swiss"]
[EventDate "2023.12.26"]

1. e4 {[%clk 01:30:56]} {[%emt 00:00:03]} c5 {[%clk 01:30:51]} {[%emt
00:00:10]} 2. Nf3 {[%clk 01:31:19]} {[%emt 00:00:08]} d6 {[%clk 01:31:15]}
{[%emt 00:00:06]} 3. Bb5+ {[%clk 01:31:39]} {[%emt 00:00:10]} Bd7 {[%clk
01:31:17]} {[%emt 00:00:28]} 4. Bxd7+ {[%clk 01:31:53]} {[%emt 00:00:16]} Qxd7
{[%clk 01:31:22]} {[%emt 00:00:26]} 5. c4 {[%clk 01:32:09]} {[%emt 00:00:14]}
Nf6 {[%clk 01:30:45]} {[%emt 00:01:06]} 6. Nc3 {[%clk 01:32:32]} {[%emt
00:00:08]} Nc6 {[%clk 01:30:37]} {[%emt 00:00:38]} 7. d4 {[%clk 01:32:42]}
{[%emt 00:00:18]} cxd4 {[%clk 01:30:59]} {[%emt 00:00:10]} 8. Nxd4 {[%clk
01:33:05]} {[%emt 00:00:06]} Qg4 {[%clk 01:30:00]} {[%emt 00:01:29]} 9. O-O
{[%clk 01:27:58]} {[%emt 00:05:37]} Qxd1 {[%clk 01:29:59]} {[%emt 00:00:32]}
10. Rxd1 {[%clk 01:28:17]} {[%emt 00:00:09]} Nxd4 {[%clk 01:28:23]} {[%emt
00:02:07]} 11. Rxd4 {[%clk 01:28:45]} {[%emt 00:00:01]} Rc8 {[%clk 01:13:09]}
{[%emt 00:15:45]} 12. b3 {[%clk 01:29:00]} {[%emt 00:00:15]} g6 {[%clk
01:13:00]} {[%emt 00:00:38]} 13. Bb2 {[%clk 01:21:40]} {[%emt 00:07:49]} Bg7
{[%clk 01:13:09]} {[%emt 00:00:21]} 14. Rd2 {[%clk 01:20:24]} {[%emt 00:01:47]}
O-O {[%clk 01:12:34]} {[%emt 00:01:05]} 15. f3 {[%clk 01:17:19]} {[%emt
00:03:35]} a6 {[%clk 01:04:41]} {[%emt 00:08:23]} 16. Rad1 {[%clk 01:16:18]}
{[%emt 00:01:31]} Rc5 {[%clk 01:00:56]} {[%emt 00:04:14]} 17. a4 {[%clk
01:11:37]} {[%emt 00:05:12]} Rc6 {[%clk 00:54:25]} {[%emt 00:07:01]} 18. Ba3
{[%clk 01:05:49]} {[%emt 00:06:18]} Re8 {[%clk 00:34:55]} {[%emt 00:20:00]} 19.
Re2 {[%clk 00:57:59]} {[%emt 00:08:20]} Nd7 {[%clk 00:31:59]} {[%emt 00:03:26]}
20. Nd5 {[%clk 00:57:21]} {[%emt 00:01:07]} Nc5 {[%clk 00:31:13]} {[%emt
00:01:16]} 21. Bxc5 {[%clk 00:45:19]} {[%emt 00:12:33]} Rxc5 {[%clk 00:20:57]}
{[%emt 00:10:47]} 22. Nb4 {[%clk 00:41:13]} {[%emt 00:04:34]} Kf8 {[%clk
00:18:48]} {[%emt 00:02:39]} 23. f4 {[%clk 00:39:49]} {[%emt 00:01:55]} Rb8
{[%clk 00:14:55]} {[%emt 00:04:23]} 24. Kf2 {[%clk 00:35:51]} {[%emt 00:04:29]}
g5 {[%clk 00:09:51]} {[%emt 00:05:34]} 25. f5 {[%clk 00:30:27]} {[%emt
00:05:53]} Bc3 {[%clk 00:07:20]} {[%emt 00:02:59]} 26. Nd5 {[%clk 00:30:39]}
{[%emt 00:00:19]} Be5 {[%clk 00:07:09]} {[%emt 00:00:41]} 27. Nb6 {[%clk
00:30:12]} {[%emt 00:00:59]} Ke8 {[%clk 00:05:02]} {[%emt 00:02:38]} 28. h3
{[%clk 00:28:15]} {[%emt 00:02:27]} a5 {[%clk 00:04:11]} {[%emt 00:01:20]} 29.
Nd5 {[%clk 00:26:54]} {[%emt 00:01:52]} h5 {[%clk 00:02:54]} {[%emt 00:01:46]}
30. Ne3 {[%clk 00:25:06]} {[%emt 00:02:17]} f6 {[%clk 00:01:50]} {[%emt
00:01:33]} 31. Nc2 {[%clk 00:21:09]} {[%emt 00:04:28]} Kf7 {[%clk 00:01:27]}
{[%emt 00:00:52]} 32. g3 {[%clk 00:19:53]} {[%emt 00:01:47]} Rbc8 {[%clk
00:01:27]} {[%emt 00:00:31]} 33. Rd5 {[%clk 00:18:25]} {[%emt 00:01:57]} R8c7
{[%clk 00:00:57]} {[%emt 00:00:59]} 34. Ne1 {[%clk 00:18:01]} {[%emt 00:00:54]}
b6 {[%clk 00:00:47]} {[%emt 00:00:40]} 35. Nd3 {[%clk 00:17:41]} {[%emt
00:00:50]} Rc8 {[%clk 00:00:46]} {[%emt 00:00:31]} 36. Ne1 {[%clk 00:12:48]}
{[%emt 00:05:24]} Rg8 {[%clk 00:00:54]} {[%emt 00:00:21]} 37. Ng2 {[%clk
00:09:45]} {[%emt 00:03:33]} Rh8 {[%clk 00:00:47]} {[%emt 00:00:37]} 38. Ne3
{[%clk 00:09:55]} {[%emt 00:00:21]} Rhc8 {[%clk 00:00:58]} {[%emt 00:00:16]}
39. Rd1 {[%clk 00:09:17]} {[%emt 00:01:10]} Ke8 {[%clk 00:00:49]} {[%emt
00:00:39]} 40. Nd5 {[%clk 00:08:49]} {[%emt 00:00:58]} Rb8 {[%clk 00:00:41]}
{[%emt 00:00:37]} 41. g4 {[%clk 00:07:01]} {[%emt 00:02:19]} h4 {[%clk
00:29:37]} {[%emt 00:01:33]} 42. Ke3 {[%clk 00:37:22]} {[%emt 00:00:09]} Rc6
{[%clk 00:20:01]} {[%emt 00:10:06]} 43. Rb1 {[%clk 00:37:08]} {[%emt 00:00:45]}
Rbc8 {[%clk 00:19:44]} {[%emt 00:00:47]} 44. Rc2 {[%clk 00:37:08]} {[%emt
00:00:30]} Ra8 {[%clk 00:10:15]} {[%emt 00:09:59]} 45. Kd3 {[%clk 00:37:10]}
{[%emt 00:00:29]} Kd8 {[%clk 00:06:08]} {[%emt 00:04:36]} 46. b4 {[%clk
00:37:18]} {[%emt 00:00:24]} axb4 {[%clk 00:06:17]} {[%emt 00:00:21]} 47. Rxb4
{[%clk 00:37:09]} {[%emt 00:00:38]} Ra5 {[%clk 00:05:33]} {[%emt 00:01:14]} 48.
Ra2 {[%clk 00:32:09]} {[%emt 00:05:32]} Rac5 {[%clk 00:05:15]} {[%emt
00:00:45]} 49. Nxb6 {[%clk 00:31:54]} {[%emt 00:00:48]} Ra5 {[%clk 00:03:46]}
{[%emt 00:01:59]} 50. Nd5 {[%clk 00:31:22]} {[%emt 00:01:01]} Rca6 {[%clk
00:03:57]} {[%emt 00:00:19]} 51. Ra3 {[%clk 00:22:06]} {[%emt 00:09:46]} Ra7
{[%clk 00:03:41]} {[%emt 00:00:45]} *

[Event "DVM U20 2023"]
[Site "Magdeburg GER"]
[Date "2023.12.27"]
[Round "2"]
[White "Kieselbach, Jannik"]
[Black "Weihrauch, Jakob"]
[Result "1/2-1/2"]
[Termination "normal"]
[Board "1.4"]
[BlackTitle "FM"]
[WhiteElo "1914"]
[BlackElo "2257"]
[WhiteClock "00:31:21"]
[BlackClock "00:12:03"]
[WhiteTeam "SK Lehrte 1919"]
[BlackTeam "Hamburger SK 1830"]
[PlyCount "108"]
[WhiteFideId "16246403"]
[BlackFideId "16210115"]
[EventCountry "GER"]
[EventRounds "7"]
[EventType "team-swiss"]
[EventDate "2023.12.26"]

1. e4 {[%clk 01:30:57]} {[%emt 00:00:03]} c5 {[%clk 01:30:54]} {[%emt
00:00:06]} 2. c3 {[%clk 01:31:17]} {[%emt 00:00:10]} Nf6 {[%clk 01:30:46]}
{[%emt 00:00:39]} 3. e5 {[%clk 01:31:37]} {[%emt 00:00:10]} Nd5 {[%clk
01:31:12]} {[%emt 00:00:03]} 4. Bc4 {[%clk 01:31:36]} {[%emt 00:00:31]} Nb6
{[%clk 01:30:24]} {[%emt 00:01:18]} 5. Bb3 {[%clk 01:31:55]} {[%emt 00:00:11]}
d5 {[%clk 01:26:40]} {[%emt 00:04:15]} 6. exd6 {[%clk 01:32:12]} {[%emt
00:00:14]} Qxd6 {[%clk 01:26:51]} {[%emt 00:00:19]} 7. Na3 {[%clk 01:32:15]}
{[%emt 00:00:27]} a6 {[%clk 01:22:33]} {[%emt 00:04:48]} 8. Ne2 {[%clk
01:32:28]} {[%emt 00:00:16]} Nc6 {[%clk 01:21:40]} {[%emt 00:01:24]} 9. O-O
{[%clk 01:32:47]} {[%emt 00:00:10]} Bg4 {[%clk 01:18:11]} {[%emt 00:04:01]} 10.
Qe1 {[%clk 01:33:08]} {[%emt 00:00:07]} g6 {[%clk 01:10:27]} {[%emt 00:08:14]}
11. h3 {[%clk 01:26:45]} {[%emt 00:06:53]} Bf5 {[%clk 01:10:30]} {[%emt
00:00:28]} 12. d4 {[%clk 00:46:52]} {[%emt 00:40:23]} cxd4 {[%clk 01:09:26]}
{[%emt 00:01:35]} 13. Bf4 {[%clk 00:45:36]} {[%emt 00:01:44]} Qd7 {[%clk
01:06:40]} {[%emt 00:03:17]} 14. Rd1 {[%clk 00:39:50]} {[%emt 00:06:15]} d3
{[%clk 00:39:39]} {[%emt 00:27:31]} 15. Ng3 {[%clk 00:31:33]} {[%emt 00:08:48]}
Bg7 {[%clk 00:34:18]} {[%emt 00:05:51]} 16. Qe3 {[%clk 00:22:15]} {[%emt
00:09:48]} Nd5 {[%clk 00:33:48]} {[%emt 00:01:01]} 17. Bxd5 {[%clk 00:21:48]}
{[%emt 00:00:55]} Qxd5 {[%clk 00:34:16]} {[%emt 00:00:02]} 18. Nxf5 {[%clk
00:20:31]} {[%emt 00:01:47]} Qxf5 {[%clk 00:28:10]} {[%emt 00:06:36]} 19. Rxd3
{[%clk 00:19:00]} {[%emt 00:02:02]} O-O {[%clk 00:25:19]} {[%emt 00:03:20]} 20.
Rfd1 {[%clk 00:18:14]} {[%emt 00:01:17]} Bf6 {[%clk 00:20:24]} {[%emt
00:05:24]} 21. Nc4 {[%clk 00:09:34]} {[%emt 00:09:09]} g5 {[%clk 00:14:19]}
{[%emt 00:06:37]} 22. Bg3 {[%clk 00:08:57]} {[%emt 00:01:07]} Rad8 {[%clk
00:12:10]} {[%emt 00:02:39]} 23. Rxd8 {[%clk 00:07:56]} {[%emt 00:01:30]} Rxd8
{[%clk 00:09:58]} {[%emt 00:02:42]} 24. Rxd8+ {[%clk 00:07:08]} {[%emt
00:01:18]} Nxd8 {[%clk 00:10:27]} {[%emt 00:00:02]} 25. Qb6 {[%clk 00:05:08]}
{[%emt 00:02:28]} Qd7 {[%clk 00:06:40]} {[%emt 00:04:17]} 26. Be5 {[%clk
00:03:28]} {[%emt 00:02:10]} Bxe5 {[%clk 00:05:26]} {[%emt 00:01:44]} 27. Nxe5
{[%clk 00:03:51]} {[%emt 00:00:08]} Qd1+ {[%clk 00:05:53]} {[%emt 00:00:04]}
28. Kh2 {[%clk 00:04:14]} {[%emt 00:00:05]} Ne6 {[%clk 00:06:04]} {[%emt
00:00:20]} 29. Ng4 {[%clk 00:03:32]} {[%emt 00:01:12]} Qd5 {[%clk 00:05:11]}
{[%emt 00:01:23]} 30. a3 {[%clk 00:01:55]} {[%emt 00:02:06]} f5 {[%clk
00:02:48]} {[%emt 00:02:53]} 31. Ne3 {[%clk 00:02:11]} {[%emt 00:00:15]} Qe5+
{[%clk 00:03:14]} {[%emt 00:00:04]} 32. Kg1 {[%clk 00:02:06]} {[%emt 00:00:35]}
f4 {[%clk 00:02:23]} {[%emt 00:01:21]} 33. Nc2 {[%clk 00:00:58]} {[%emt
00:01:37]} Qe4 {[%clk 00:00:59]} {[%emt 00:01:53]} 34. Nd4 {[%clk 00:01:12]}
{[%emt 00:00:17]} Nxd4 {[%clk 00:00:50]} {[%emt 00:00:40]} 35. Qxd4 {[%clk
00:00:43]} {[%emt 00:00:58]} Qxd4 {[%clk 00:00:40]} {[%emt 00:00:41]} 36. cxd4
{[%clk 00:01:08]} {[%emt 00:00:04]} Kf7 {[%clk 00:00:49]} {[%emt 00:00:21]} 37.
Kf1 {[%clk 00:01:31]} {[%emt 00:00:07]} Ke6 {[%clk 00:00:37]} {[%emt 00:00:42]}
38. Ke2 {[%clk 00:01:52]} {[%emt 00:00:09]} Kf5 {[%clk 00:00:42]} {[%emt
00:00:25]} 39. f3 {[%clk 00:01:54]} {[%emt 00:00:29]} Ke6 {[%clk 00:00:34]}
{[%emt 00:00:38]} 40. Kd3 {[%clk 00:01:38]} {[%emt 00:00:45]} Kd5 {[%clk
00:00:40]} {[%emt 00:00:24]} 41. b4 {[%clk 00:01:27]} {[%emt 00:00:41]} b6
{[%clk 00:28:10]} {[%emt 00:03:01]} 42. Kc3 {[%clk 00:30:35]} {[%emt 00:01:20]}
b5 {[%clk 00:27:29]} {[%emt 00:01:11]} 43. Kd3 {[%clk 00:30:59]} {[%emt
00:00:06]} h6 {[%clk 00:27:58]} {[%emt 00:00:02]} 44. Kc3 {[%clk 00:31:20]}
{[%emt 00:00:09]} Ke6 {[%clk 00:28:18]} {[%emt 00:00:11]} 45. Kd3 {[%clk
00:31:43]} {[%emt 00:00:07]} Kf5 {[%clk 00:28:28]} {[%emt 00:00:20]} 46. Kc3
{[%clk 00:31:59]} {[%emt 00:00:14]} Ke6 {[%clk 00:27:05]} {[%emt 00:01:53]} 47.
Kd3 {[%clk 00:32:22]} {[%emt 00:00:06]} Kd5 {[%clk 00:26:33]} {[%emt 00:01:02]}
48. Kc3 {[%clk 00:32:45]} {[%emt 00:00:07]} e6 {[%clk 00:26:34]} {[%emt
00:00:30]} 49. Kd3 {[%clk 00:33:08]} {[%emt 00:00:06]} e5 {[%clk 00:26:58]}
{[%emt 00:00:06]} 50. dxe5 {[%clk 00:33:32]} {[%emt 00:00:06]} Kxe5 {[%clk
00:27:26]} {[%emt 00:00:03]} 51. Kc3 {[%clk 00:33:53]} {[%emt 00:00:09]} Kd5
{[%clk 00:18:18]} {[%emt 00:09:38]} 52. Kd3 {[%clk 00:34:12]} {[%emt 00:00:10]}
Ke5 {[%clk 00:18:46]} {[%emt 00:00:02]} 53. Kc3 {[%clk 00:34:33]} {[%emt
00:00:09]} Kf5 {[%clk 00:11:36]} {[%emt 00:07:41]} 54. Kd4 {[%clk 00:31:21]}
{[%emt 00:03:40]} Kg6 {[%clk 00:12:03]} {[%emt 00:00:05]} *

[Event "DVM U20 2023"]
[Site "Magdeburg GER"]
[Date "2023.12.27"]
[Round "2"]
[White "Kosmehl, Konrad"]
[Black "Kotyk, Michael"]
[Result "0-1"]
[Termination "normal"]
[Board "1.6"]
[BlackTitle "CM"]
[WhiteElo "1193"]
[BlackElo "2137"]
[WhiteClock "00:01:10"]
[BlackClock "00:09:49"]
[WhiteTeam "SK Lehrte 1919"]
[BlackTeam "Hamburger SK 1830"]
[PlyCount "74"]
[WhiteFideId "16283120"]
[BlackFideId "16214501"]
[EventCountry "GER"]
[EventRounds "7"]
[EventType "team-swiss"]
[EventDate "2023.12.26"]

1. d4 {[%clk 01:30:58]} {[%emt 00:00:02]} d5 {[%clk 01:30:55]} {[%emt
00:00:04]} 2. Bf4 {[%clk 01:31:23]} {[%emt 00:00:07]} Nf6 {[%clk 01:31:18]}
{[%emt 00:00:05]} 3. e3 {[%clk 01:31:46]} {[%emt 00:00:07]} e6 {[%clk
01:31:44]} {[%emt 00:00:04]} 4. c4 {[%clk 01:32:10]} {[%emt 00:00:06]} Be7
{[%clk 01:31:58]} {[%emt 00:00:16]} 5. Nc3 {[%clk 01:32:30]} {[%emt 00:00:11]}
O-O {[%clk 01:32:12]} {[%emt 00:00:15]} 6. Nf3 {[%clk 01:32:47]} {[%emt
00:00:13]} b6 {[%clk 01:31:31]} {[%emt 00:01:12]} 7. Ne5 {[%clk 01:31:43]}
{[%emt 00:01:35]} Bb7 {[%clk 01:30:59]} {[%emt 00:01:01]} 8. cxd5 {[%clk
01:21:43]} {[%emt 00:10:29]} Nxd5 {[%clk 01:31:21]} {[%emt 00:00:08]} 9. Bg3
{[%clk 01:21:43]} {[%emt 00:00:31]} c5 {[%clk 01:29:03]} {[%emt 00:02:47]} 10.
dxc5 {[%clk 01:19:25]} {[%emt 00:02:47]} Bxc5 {[%clk 01:27:40]} {[%emt
00:01:52]} 11. Nxd5 {[%clk 01:16:02]} {[%emt 00:03:54]} Bxd5 {[%clk 01:26:35]}
{[%emt 00:01:36]} 12. a3 {[%clk 01:13:46]} {[%emt 00:02:46]} a5 {[%clk
01:19:30]} {[%emt 00:07:34]} 13. Qc2 {[%clk 01:09:24]} {[%emt 00:04:53]} Nd7
{[%clk 01:04:08]} {[%emt 00:15:52]} 14. e4 {[%clk 01:00:13]} {[%emt 00:09:42]}
Nxe5 {[%clk 01:02:54]} {[%emt 00:01:44]} 15. Bxe5 {[%clk 00:44:21]} {[%emt
00:16:23]} Bb7 {[%clk 01:03:18]} {[%emt 00:00:05]} 16. Rd1 {[%clk 00:34:09]}
{[%emt 00:10:42]} Qh4 {[%clk 01:02:03]} {[%emt 00:01:45]} 17. Bd3 {[%clk
00:30:06]} {[%emt 00:04:34]} Rac8 {[%clk 01:02:26]} {[%emt 00:00:07]} 18. Qe2
{[%clk 00:28:41]} {[%emt 00:01:55]} Qg5 {[%clk 01:02:30]} {[%emt 00:00:25]} 19.
Bg3 {[%clk 00:28:09]} {[%emt 00:01:03]} f5 {[%clk 00:59:40]} {[%emt 00:03:19]}
20. Bc4 {[%clk 00:22:52]} {[%emt 00:05:47]} Kh8 {[%clk 00:59:57]} {[%emt
00:00:13]} 21. Bxe6 {[%clk 00:22:25]} {[%emt 00:00:57]} Rce8 {[%clk 01:00:05]}
{[%emt 00:00:22]} 22. h4 {[%clk 00:19:10]} {[%emt 00:03:46]} Qe7 {[%clk
00:46:34]} {[%emt 00:14:00]} 23. Bd7 {[%clk 00:14:44]} {[%emt 00:04:57]} Rd8
{[%clk 00:45:26]} {[%emt 00:01:37]} 24. Bxf5 {[%clk 00:11:37]} {[%emt
00:03:37]} Rxd1+ {[%clk 00:45:24]} {[%emt 00:00:31]} 25. Kxd1 {[%clk 00:12:03]}
{[%emt 00:00:04]} Qf7 {[%clk 00:42:28]} {[%emt 00:03:27]} 26. h5 {[%clk
00:09:49]} {[%emt 00:02:43]} Qa2 {[%clk 00:41:07]} {[%emt 00:01:51]} 27. Kc2
{[%clk 00:09:01]} {[%emt 00:01:18]} Bc6 {[%clk 00:39:36]} {[%emt 00:02:01]} 28.
Qd3 {[%clk 00:06:24]} {[%emt 00:03:08]} Ba4+ {[%clk 00:39:53]} {[%emt
00:00:12]} 29. Kc1 {[%clk 00:06:52]} {[%emt 00:00:01]} Bb5 {[%clk 00:33:59]}
{[%emt 00:06:25]} 30. Qc2 {[%clk 00:05:58]} {[%emt 00:01:25]} h6 {[%clk
00:15:36]} {[%emt 00:18:53]} 31. Be5 {[%clk 00:04:56]} {[%emt 00:01:31]} Ba4
{[%clk 00:12:07]} {[%emt 00:03:59]} 32. Qd3 {[%clk 00:04:25]} {[%emt 00:01:03]}
Bxf2 {[%clk 00:11:50]} {[%emt 00:00:46]} 33. Rf1 {[%clk 00:01:51]} {[%emt
00:03:03]} Bh4 {[%clk 00:09:58]} {[%emt 00:02:21]} 34. g3 {[%clk 00:00:51]}
{[%emt 00:01:31]} Rd8 {[%clk 00:09:52]} {[%emt 00:00:36]} 35. Bxg7+ {[%clk
00:00:36]} {[%emt 00:00:44]} Kxg7 {[%clk 00:09:39]} {[%emt 00:00:43]} 36. Qc3+
{[%clk 00:00:55]} {[%emt 00:00:11]} Bf6 {[%clk 00:09:32]} {[%emt 00:00:37]} 37.
e5 {[%clk 00:01:10]} {[%emt 00:00:15]} Bg5+ {[%clk 00:09:49]} {[%emt 00:00:13]}
0-1

[Event "DVM U20 2023"]
[Site "Magdeburg GER"]
[Date "2023.12.27"]
[Round "2"]
[White "Bethke, Richard"]
[Black "Suvorov, Alexander"]
[Result "0-1"]
[Termination "normal"]
[Board "2.1"]
[WhiteTitle "FM"]
[BlackTitle "FM"]
[WhiteElo "2354"]
[BlackElo "2334"]
[WhiteClock "00:40:37"]
[BlackClock "00:10:56"]
[WhiteTeam "SF Neuberg"]
[BlackTeam "SG Porz"]
[PlyCount "46"]
[WhiteFideId "12959243"]
[BlackFideId "12977063"]
[EventCountry "GER"]
[EventRounds "7"]
[EventType "team-swiss"]
[EventDate "2023.12.26"]

1. e4 {[%clk 01:30:57]} {[%emt 00:00:02]} c5 {[%clk 01:30:37]} {[%emt
00:00:23]} 2. Nf3 {[%clk 01:31:24]} {[%emt 00:00:04]} d6 {[%clk 01:30:54]}
{[%emt 00:00:12]} 3. d4 {[%clk 01:31:50]} {[%emt 00:00:04]} cxd4 {[%clk
01:31:15]} {[%emt 00:00:10]} 4. Nxd4 {[%clk 01:32:16]} {[%emt 00:00:04]} Nf6
{[%clk 01:31:32]} {[%emt 00:00:12]} 5. Nc3 {[%clk 01:32:42]} {[%emt 00:00:05]}
a6 {[%clk 01:31:55]} {[%emt 00:00:07]} 6. Be3 {[%clk 01:33:08]} {[%emt
00:00:04]} e5 {[%clk 01:32:10]} {[%emt 00:00:15]} 7. Nf3 {[%clk 01:33:34]}
{[%emt 00:00:04]} Be7 {[%clk 01:32:32]} {[%emt 00:00:07]} 8. h3 {[%clk
01:34:00]} {[%emt 00:00:04]} h6 {[%clk 01:27:44]} {[%emt 00:05:18]} 9. g4
{[%clk 01:34:18]} {[%emt 00:00:12]} Be6 {[%clk 01:23:15]} {[%emt 00:04:59]} 10.
g5 {[%clk 01:34:42]} {[%emt 00:00:06]} hxg5 {[%clk 01:22:56]} {[%emt 00:00:50]}
11. Nxg5 {[%clk 01:35:05]} {[%emt 00:00:06]} Nc6 {[%clk 01:21:45]} {[%emt
00:01:40]} 12. Rg1 {[%clk 01:34:00]} {[%emt 00:01:35]} Qa5 {[%clk 01:18:58]}
{[%emt 00:03:18]} 13. Nxe6 {[%clk 01:25:48]} {[%emt 00:08:42]} fxe6 {[%clk
01:19:16]} {[%emt 00:00:12]} 14. Rxg7 {[%clk 01:25:37]} {[%emt 00:00:41]} O-O-O
{[%clk 01:15:03]} {[%emt 00:04:43]} 15. Qf3 {[%clk 01:05:38]} {[%emt 00:20:29]}
Rhf8 {[%clk 00:55:31]} {[%emt 00:20:02]} 16. O-O-O {[%clk 01:05:47]} {[%emt
00:00:21]} d5 {[%clk 00:50:14]} {[%emt 00:05:48]} 17. Bd2 {[%clk 00:51:22]}
{[%emt 00:14:53]} Nxe4 {[%clk 00:38:25]} {[%emt 00:12:21]} 18. Qg4 {[%clk
00:49:26]} {[%emt 00:02:25]} Nxd2 {[%clk 00:24:39]} {[%emt 00:14:16]} 19. Qxe6+
{[%clk 00:43:05]} {[%emt 00:06:52]} Kb8 {[%clk 00:24:46]} {[%emt 00:00:22]} 20.
Rxd2 {[%clk 00:43:29]} {[%emt 00:00:06]} Rf6 {[%clk 00:16:09]} {[%emt
00:09:07]} 21. Qg4 {[%clk 00:43:54]} {[%emt 00:00:05]} Bb4 {[%clk 00:12:03]}
{[%emt 00:04:37]} 22. Rd7 {[%clk 00:40:13]} {[%emt 00:04:10]} Rxd7 {[%clk
00:10:50]} {[%emt 00:01:44]} 23. Qxd7 {[%clk 00:40:37]} {[%emt 00:00:06]} d4
{[%clk 00:10:56]} {[%emt 00:00:24]} 0-1